000 00568nam a2200217Ia 4500
005 20241216010041.0
008 180423s9999||||xx |||||||||||||| ||und||
082 _a362.88
_bF34
100 _aFEIGELSON CHASE, NADMI
245 0 _aUN NIÑO HA SIDO GOLPEADO
_bLA VIOLENCIA CONTRA LOS NIÑOS, UNA TRAGEDIA MODERNA
250 _a0
260 _aMEXICO
_bDIANA
_c1979
300 _a264 pag.
_c21 cm
341 _h0
490 _v0
_a0
505 _aVIOLENCIA-NIÑO
541 _aC
_d25-Nov-93
650 _aCIENCIAS SOCIALES
856 _zHumanidades
942 _cLIBRO
999 _c4197
_d4197